header

Music in the life of the African church (Record no. 126546)

MARC details
000 -LEADER
fixed length control field 01342nam a2200337Ia 4500
082 04 - DEWEY DECIMAL CLASSIFICATION NUMBER
Classification number 264/.2096
100 1# - MAIN ENTRY--AUTHOR NAME
Personal name King, Roberta Rose,
245 10 - TITLE STATEMENT
Title Music in the life of the African church
260 ## - PUBLICATION, DISTRIBUTION, ETC. (IMPRINT)
Place of publication Waco, TX :
Name of publisher Baylor University Press,
Year of publication c2008.
300 ## - PHYSICAL DESCRIPTION
Number of Pages xviii, 187 p.
650 #0 - SUBJECT ADDED ENTRY--TOPICAL TERM
Topical Term Liturgics
Topical Term Church music
700 1# - ADDED ENTRY--PERSONAL NAME
Personal name Kidula, Jean Ngoya.
Personal name Krabill, James R.
Personal name Oduro, Thomas,
856 40 - ELECTRONIC LOCATION AND ACCESS
Uniform Resource Identifier http://site.ebrary.com/lib/rucke/Doc?id=10212545

No items available.

© 2026 Rongo University
Contact us: librarian | system librarian | Rongo university